| 000 | 00413nam a2200157 i 4500 | ||
|---|---|---|---|
| 001 | 88110 | ||
| 003 | ES-MaACL | ||
| 005 | 20230906175814.0 | ||
| 007 | t| | ||
| 008 | 050103s1973 sp ||||1| spa d | ||
| 100 | 1 |
_aLafourcade, Enrique. _969523 |
|
| 245 | 1 | 0 |
_aEn el fondo / _cEnrique Lafourcade. |
| 260 |
_aBarcelona : _bPlaneta, _c[1973] |
||
| 300 |
_a207 p. ; _c20 cm. |
||
| 852 |
_aES-MaACL _jC-52820 _bR.86002 |
||
| 999 |
_c88110 _d88110 |
||